Edison mà tôi biết

Viết về phẩm chất, nhân cách vĩ đại của nhà phát minh Edison - người đã góp phần quan trọng làm thay đổi lịch sử văn minh nhân loại

Na minha lista:
Detalhes bibliográficos
Autor principal: Ford, Henry
Outros Autores: Crowther, Samuel, Khánh Kiên (Dịch)
Formato: Livro
Idioma:Vietnamese
Publicado em: H. Lao động - Xã hội 2015
Assuntos:
Tags: Adicionar Tag
Sem tags, seja o primeiro a adicionar uma tag!
Thư viện lưu trữ: Thư viện Trường Đại học Nam Cần Thơ
LEADER 00982nam a22002177a 4500
001 NCT_4_013236
008 241011b xxu||||| |||| 00| 0 vie d
999 |c 8626  |d 8626 
020 |a 9786046522003  |c 34000 
082 0 4 |2 23rd ed.  |a 609.02  |b F65 
100 1 |a Ford, Henry 
245 1 0 |a Edison mà tôi biết  |c Henry Ford, Samuel Crowther ; Khánh Kiên dịch 
260 |a H.  |b Lao động - Xã hội  |c 2015 
300 |a 130 tr.  |c 19 cm 
520 3 |a Viết về phẩm chất, nhân cách vĩ đại của nhà phát minh Edison - người đã góp phần quan trọng làm thay đổi lịch sử văn minh nhân loại 
653 |a Tham khảo 
700 1 |a Crowther, Samuel 
700 0 |a Khánh Kiên  |e Dịch 
942 |2 ddc  |c BK 
952 |0 0  |1 0  |2 ddc  |4 0  |6 609_020000000000000_F65  |7 0  |9 29549  |a 000001  |b 000001  |d 2024-10-11  |o 609.02 F65  |p TK.04683  |r 2024-10-11  |v 34000.00  |w 2024-10-11  |y BK 
980 |a Thư viện Trường Đại học Nam Cần Thơ